[Event "ROM-ch U14 Boys"]
[Site "Voineasa"]
[Date "2008.04.15"]
[Round "6"]
[White "Copie, Radu Gabriel"]
[Black "Soare, Flavius Alexandru"]
[Result "1/2-1/2"]
[WhiteElo "407"]
[BlackElo "1738"]
[PlyCount "60"]
[EventDate "2008.04.08"]
[EventType "swiss"]
[EventRounds "9"]
[EventCountry "ROU"]
[SourceTitle "EXT 2013"]
[Source "ChessBase"]
[SourceDate "2012.11.22"]
[SourceVersion "1"]
[SourceVersionDate "2012.11.22"]
[SourceQuality "1"]

1. e4 e5 2. Nf3 Nc6 3. Bb5 d6 4. d3 Bg4 5. Nbd2 Nf6 6. h3 Bh5 7. c3 a6 8. Ba4 b5 9. Bb3 Na5 10. Bc2 c5 11. 0-0 Be7 12. Qe2 0-0 13. Rd1 Nc6 14. Nf1 b4 15. Ng3 Bxf3 16. Qxf3 Re8 17. Nf5 Bf8 18. Ba4 Rc8 19. d4 Qa5 20. Bxc6 Rxc6 21. dxc5 Qxc5 22. Rd3 Qc4 23. Ng3 Rec8 24. Bg5 Be7 25. Nh5 Nxh5 26. Bxe7 Nf4 27. Rxd6 bxc3 28. bxc3 Qxc3 29. Qxc3 Ne2+ 30. Kf1 Nxc3 1/2-1/2